000 01607nam0a22002891 4500
001 rc\1693659
005 20260406014600.0
035 _a(NLR Aleph) 005286397
090 _a6147977
_c6147977
100 _a20061002e18971897|||y0rusy50 ca
101 0 _arus
102 _aRU
105 _ac z |||||
200 1 _aОбзор научной деятельности профессора Михаила Ивановича Стуковенкова ([ум.] 2 марта 1897 г.) и его клиники
_e[Сост. по предложению Физ.-мат. о-ва и доложен в заседании О-ва 27 апр. 1897 г. ...]
_f[Соч.] Прив.-доц. Ун-та св. Владимира П.В. Никольского
210 _aКиев
_cтип. Ун-та св. Владимира Н.Т. Корчак-Новицкого
_d1897
215 _a[2], 28 с., 1 л. портр.
_d26
311 _aОтт. из "Унив. изв." за 1897 г.
488 0 _12001#$aУниверситетские известия$v1897
_tУниверситетские известия
700 1 _8rus
_7ca
_aНикольский
_bП. В.
_cдерматовенеролог
_f1858-1940
_gПетр Васильевич
_3RU\NLR\AUTH\77119724
_9102649
702 1 _4570
_8rus
_7ca
_aСтуковенков
_bМ. И.
_f1842-1897
_gМихаил Иванович
_3RU\NLR\AUTH\77120067
_9102992
801 0 _aRU
_bNLR
_c20061002
_gpsbo
801 0 _aRU
_bRuMoRGB
_c20061002
_2psbo
801 1 _aRU
_bProSoft-M
_c20061002
_2rusmarc
801 2 _aRU
_bNLR
_c20130207
_2rusmarc
852 _aNLR
_j20.97.2.208
942 _cBOOK
980 _aNB